[Event "DEM U10 2021"]
[Site "Willingen GER"]
[Date "2021.08.28"]
[Round "10"]
[White "Böhler, Yannic"]
[Black "Sheng, Ming"]
[Result "1-0"]
[Termination "normal"]
[Board "24"]
[WhiteElo "1150"]
[BlackElo "1266"]
[WhiteClock "00:45:15"]
[BlackClock "00:14:45"]
[PlyCount "111"]
[WhiteFideId "34609059"]
[BlackFideId "34605258"]
[EventCountry "GER"]
[EventRounds "11"]
[EventType "swiss"]
[EventDate "2021.08.22"]

1. c4 {[%clk 01:15:59]} {[%emt 02:31:20]} e5 {[%clk 01:15:44]} {[%emt
00:00:14]} 2. Nc3 {[%clk 01:16:25]} {[%emt 00:00:06]} Nf6 {[%clk 01:15:54]}
{[%emt 00:00:17]} 3. g3 {[%clk 01:16:32]} {[%emt 00:00:26]} Bb4 {[%clk
01:15:52]} {[%emt 00:00:29]} 4. Bg2 {[%clk 01:16:36]} {[%emt 00:00:29]} Bxc3
{[%clk 01:15:13]} {[%emt 00:01:00]} 5. dxc3 {[%clk 01:16:42]} {[%emt 00:00:33]}
O-O {[%clk 01:14:52]} {[%emt 00:00:47]} 6. Nf3 {[%clk 01:16:16]} {[%emt
00:01:00]} d6 {[%clk 01:14:25]} {[%emt 00:00:50]} 7. O-O {[%clk 01:15:52]}
{[%emt 00:01:00]} Nc6 {[%clk 01:13:09]} {[%emt 00:01:32]} 8. Qc2 {[%clk
01:12:56]} {[%emt 00:03:40]} Be6 {[%clk 01:10:49]} {[%emt 00:02:40]} 9. b3
{[%clk 01:13:20]} {[%emt 00:00:17]} Qd7 {[%clk 01:09:36]} {[%emt 00:01:31]} 10.
Ng5 {[%clk 01:10:49]} {[%emt 00:03:12]} Bf5 {[%clk 01:08:47]} {[%emt 00:01:17]}
11. e4 {[%clk 01:10:01]} {[%emt 00:01:21]} Bg4 {[%clk 01:08:12]} {[%emt
00:00:39]} 12. h3 {[%clk 01:09:33]} {[%emt 00:01:23]} Bh5 {[%clk 01:07:13]}
{[%emt 00:01:25]} 13. Kh2 {[%clk 01:07:25]} {[%emt 00:02:43]} h6 {[%clk
01:06:23]} {[%emt 00:01:13]} 14. Nf3 {[%clk 01:07:05]} {[%emt 00:00:55]} Bg6
{[%clk 01:05:41]} {[%emt 00:01:11]} 15. Nd2 {[%clk 01:06:48]} {[%emt 00:00:49]}
Rad8 {[%clk 01:04:39]} {[%emt 00:01:30]} 16. Ba3 {[%clk 01:05:41]} {[%emt
00:01:39]} Ne8 {[%clk 01:03:49]} {[%emt 00:01:20]} 17. Rad1 {[%clk 01:02:08]}
{[%emt 00:04:03]} f5 {[%clk 01:03:08]} {[%emt 00:01:11]} 18. Qc1 {[%clk
01:01:34]} {[%emt 00:01:03]} fxe4 {[%clk 01:02:41]} {[%emt 00:00:47]} 19. Nxe4
{[%clk 01:01:24]} {[%emt 00:00:51]} Nf6 {[%clk 01:01:17]} {[%emt 00:01:53]} 20.
Nxf6+ {[%clk 01:00:31]} {[%emt 00:01:25]} Rxf6 {[%clk 01:00:52]} {[%emt
00:00:54]} 21. c5 {[%emt 00:01:48]} Qe8 {[%clk 00:59:32]} {[%emt 00:00:42]} 22.
cxd6 {[%clk 00:59:12]} {[%emt 00:01:39]} cxd6 {[%clk 00:59:13]} {[%emt
00:00:36]} 23. c4 {[%clk 00:58:28]} {[%emt 00:01:28]} Kh8 {[%clk 00:57:43]}
{[%emt 00:01:56]} 24. Rd2 {[%clk 00:55:10]} {[%emt 00:03:46]} b6 {[%clk
00:56:42]} {[%emt 00:01:17]} 25. Rfd1 {[%clk 00:54:17]} {[%emt 00:01:43]} Nd4
{[%clk 00:56:19]} {[%emt 00:00:52]} 26. Qc3 {[%clk 00:50:56]} {[%emt 00:03:48]}
Rc8 {[%clk 00:53:54]} {[%emt 00:02:47]} 27. Re1 {[%clk 00:49:52]} {[%emt
00:01:45]} Nb5 {[%clk 00:52:38]} {[%emt 00:01:39]} 28. Qb2 {[%clk 00:48:44]}
{[%emt 00:01:43]} Nxa3 {[%clk 00:52:45]} {[%emt 00:00:25]} 29. Qxa3 {[%clk
00:49:06]} {[%emt 00:00:08]} Qd7 {[%clk 00:48:29]} {[%emt 00:04:45]} 30. Rxe5
{[%clk 00:47:27]} {[%emt 00:02:11]} Qf7 {[%clk 00:47:22]} {[%emt 00:01:30]} 31.
Ree2 {[%clk 00:47:17]} {[%emt 00:00:44]} Rd8 {[%clk 00:47:09]} {[%emt
00:00:43]} 32. Bd5 {[%clk 00:46:36]} {[%emt 00:01:13]} Qf8 {[%clk 00:47:05]}
{[%emt 00:00:31]} 33. Qxa7 {[%clk 00:45:11]} {[%emt 00:01:59]} Rb8 {[%clk
00:43:30]} {[%emt 00:04:05]} 34. Qc7 {[%clk 00:43:09]} {[%emt 00:02:28]} b5
{[%clk 00:41:04]} {[%emt 00:03:00]} 35. cxb5 {[%clk 00:41:43]} {[%emt
00:01:56]} Rxb5 {[%clk 00:39:47]} {[%emt 00:01:47]} 36. a4 {[%clk 00:39:30]}
{[%emt 00:02:43]} Rc5 {[%clk 00:39:54]} {[%emt 00:00:22]} 37. Qb6 {[%clk
00:39:17]} {[%emt 00:00:44]} Bf7 {[%clk 00:36:33]} {[%emt 00:03:49]} 38. Bxf7
{[%clk 00:38:54]} {[%emt 00:00:55]} Rxf7 {[%clk 00:36:15]} {[%emt 00:00:45]}
39. b4 {[%clk 00:38:54]} {[%emt 00:00:33]} Rcf5 {[%clk 00:36:25]} {[%emt
00:00:18]} 40. a5 {[%clk 00:38:54]} {[%emt 00:00:32]} R7f6 {[%clk 00:35:57]}
{[%emt 00:00:57]} 41. b5 {[%clk 00:36:51]} {[%emt 00:02:33]} d5 {[%clk
00:35:20]} {[%emt 00:01:08]} 42. Qd4 {[%clk 00:37:17]} {[%emt 00:00:04]} Qd6
{[%clk 00:34:42]} {[%emt 00:01:07]} 43. a6 {[%clk 00:35:48]} {[%emt 00:02:00]}
Rg5 {[%clk 00:33:37]} {[%emt 00:01:34]} 44. a7 {[%clk 00:33:48]} {[%emt
00:02:31]} Rf8 {[%clk 00:33:40]} {[%emt 00:00:28]} 45. Ra2 {[%clk 00:33:19]}
{[%emt 00:00:58]} Ra8 {[%clk 00:32:26]} {[%emt 00:01:43]} 46. b6 {[%clk
00:33:10]} {[%emt 00:00:39]} Qd7 {[%clk 00:32:28]} {[%emt 00:00:29]} 47. Reb2
{[%clk 00:32:36]} {[%emt 00:01:03]} Rh5 {[%clk 00:32:01]} {[%emt 00:00:57]} 48.
h4 {[%clk 00:32:47]} {[%emt 00:00:20]} Kh7 {[%clk 00:31:54]} {[%emt 00:00:35]}
49. b7 {[%clk 00:32:40]} {[%emt 00:00:39]} Rf8 {[%clk 00:29:32]} {[%emt
00:02:52]} 50. Qd3+ {[%clk 00:29:54]} {[%emt 00:03:15]} g6 {[%clk 00:19:55]}
{[%emt 00:10:08]} 51. b8=Q {[%emt 00:01:01]} Rxb8 {[%clk 00:20:02]} {[%emt
00:00:04]} 52. axb8=Q {[%clk 00:29:36]} {[%emt 00:00:34]} Rxh4+ {[%clk
00:09:40]} {[%emt 00:10:53]} 53. gxh4 {[%clk 00:29:42]} {[%emt 00:00:25]} h5
{[%clk 00:15:13]} {[%emt 00:09:57]} 54. Rb7 {[%clk 00:44:59]} {[%emt 00:00:13]}
Kh6 {[%clk 00:15:36]} {[%emt 00:00:07]} 55. Qh8+ {[%clk 00:45:15]} {[%emt
00:00:13]} Qh7 {[%clk 00:14:45]} {[%emt 00:01:20]} 56. Qxh7# {[%emt 00:00:08]}
1-0

[Event "DEM U10 2021"]
[Site "Willingen GER"]
[Date "2021.08.28"]
[Round "10"]
[White "He, Saiqi"]
[Black "Burban, Bogdan"]
[Result "1/2-1/2"]
[Termination "normal"]
[Board "25"]
[WhiteElo "1188"]
[BlackElo "1062"]
[WhiteClock "00:24:27"]
[BlackClock "00:54:22"]
[PlyCount "67"]
[WhiteFideId "16292723"]
[BlackFideId "34609040"]
[EventCountry "GER"]
[EventRounds "11"]
[EventType "swiss"]
[EventDate "2021.08.22"]

1. e4 {[%clk 01:15:58]} {[%emt 00:00:01]} e6 {[%clk 01:15:53]} {[%emt
00:00:07]} 2. d4 {[%clk 01:16:22]} {[%emt 00:00:07]} d5 {[%clk 01:16:17]}
{[%emt 00:00:06]} 3. e5 {[%clk 01:16:43]} {[%emt 00:00:09]} c5 {[%clk
01:16:33]} {[%emt 00:00:14]} 4. c3 {[%clk 01:16:52]} {[%emt 00:00:21]} Qb6
{[%clk 01:16:57]} {[%emt 00:00:05]} 5. a3 {[%clk 01:16:47]} {[%emt 00:00:35]}
Nc6 {[%clk 01:16:10]} {[%emt 00:01:17]} 6. Nf3 {[%clk 01:16:42]} {[%emt
00:00:34]} Nh6 {[%clk 01:15:11]} {[%emt 00:01:29]} 7. Bxh6 {[%clk 01:04:55]}
{[%emt 00:12:19]} Qxb2 {[%clk 01:15:23]} {[%emt 00:00:16]} 8. Nbd2 {[%clk
01:03:59]} {[%emt 00:01:28]} gxh6 {[%clk 01:15:20]} {[%emt 00:00:32]} 9. Be2
{[%clk 00:50:49]} {[%emt 00:13:39]} cxd4 {[%clk 01:14:43]} {[%emt 00:01:07]}
10. cxd4 {[%clk 00:50:36]} {[%emt 00:00:44]} Nxd4 {[%clk 01:14:48]} {[%emt
00:00:25]} 11. Qa4+ {[%clk 00:49:38]} {[%emt 00:01:28]} Nc6 {[%clk 01:14:38]}
{[%emt 00:00:40]} 12. O-O {[%clk 00:49:32]} {[%emt 00:00:35]} Bg7 {[%clk
01:12:28]} {[%emt 00:02:40]} 13. Bb5 {[%clk 00:49:18]} {[%emt 00:00:44]} Bd7
{[%clk 01:11:11]} {[%emt 00:01:48]} 14. Rfb1 {[%clk 00:47:41]} {[%emt
00:02:06]} Qc3 {[%clk 01:11:12]} {[%emt 00:00:29]} 15. Rc1 {[%clk 00:47:55]}
{[%emt 00:00:16]} Qa5 {[%clk 01:10:04]} {[%emt 00:01:39]} 16. Qxa5 {[%clk
00:44:54]} {[%emt 00:03:31]} Nxa5 {[%clk 01:10:23]} {[%emt 00:00:10]} 17. Bxd7+
{[%clk 00:45:15]} {[%emt 00:00:10]} Kxd7 {[%clk 01:10:39]} {[%emt 00:00:13]}
18. Rab1 {[%clk 00:41:11]} {[%emt 00:04:33]} b6 {[%clk 01:09:25]} {[%emt
00:01:46]} 19. Nf1 {[%clk 00:38:30]} {[%emt 00:03:07]} Rhc8 {[%clk 01:07:06]}
{[%emt 00:02:52]} 20. Re1 {[%clk 00:36:56]} {[%emt 00:02:04]} Nc4 {[%clk
01:06:26]} {[%emt 00:01:10]} 21. a4 {[%clk 00:32:43]} {[%emt 00:04:43]} Rab8
{[%clk 01:00:07]} {[%emt 00:09:43]} 22. Ng3 {[%clk 00:32:57]} {[%emt 00:00:15]}
a6 {[%clk 00:59:09]} {[%emt 00:01:29]} 23. Nh5 {[%clk 00:31:50]} {[%emt
00:01:36]} b5 {[%clk 00:59:00]} {[%emt 00:00:40]} 24. Nxg7 {[%clk 00:31:59]}
{[%emt 00:00:21]} bxa4 {[%clk 00:59:16]} {[%emt 00:00:14]} 25. Ra1 {[%clk
00:31:31]} {[%emt 00:00:58]} a3 {[%clk 00:59:20]} {[%emt 00:00:26]} 26. Nh5
{[%clk 00:29:16]} {[%emt 00:02:44]} Rb5 {[%clk 00:57:42]} {[%emt 00:02:09]} 27.
Nd4 {[%clk 00:28:53]} {[%emt 00:00:52]} Ra5 {[%clk 00:56:59]} {[%emt 00:01:14]}
28. h3 {[%clk 00:27:39]} {[%emt 00:01:44]} Rb8 {[%clk 00:55:53]} {[%emt
00:01:36]} 29. Nf6+ {[%clk 00:25:14]} {[%emt 00:02:54]} Kc7 {[%clk 00:56:08]}
{[%emt 00:00:16]} 30. Rec1 {[%clk 00:24:08]} {[%emt 00:01:35]} Rb2 {[%clk
00:54:56]} {[%emt 00:01:43]} 31. Ne8+ {[%clk 00:23:26]} {[%emt 00:01:12]} Kd7
{[%clk 00:53:55]} {[%emt 00:01:31]} 32. Nf6+ {[%clk 00:23:42]} {[%emt
00:00:14]} Kc7 {[%clk 00:54:04]} {[%emt 00:00:20]} 33. Ne8+ {[%clk 00:24:03]}
{[%emt 00:00:09]} Kd7 {[%clk 00:54:22]} {[%emt 00:00:13]} 34. Nf6+ {[%clk
00:24:27]} {[%emt 00:00:06]} 1/2-1/2

[Event "DEM U10 2021"]
[Site "Willingen GER"]
[Date "2021.08.28"]
[Round "10"]
[White "Krüger, Moritz"]
[Black "Gulamzada, Elmir"]
[Result "1/2-1/2"]
[Termination "normal"]
[Board "26"]
[WhiteElo "1187"]
[BlackElo "1342"]
[WhiteClock "00:49:24"]
[BlackClock "00:12:57"]
[PlyCount "70"]
[WhiteFideId "34608923"]
[BlackFideId "34604332"]
[EventCountry "GER"]
[EventRounds "11"]
[EventType "swiss"]
[EventDate "2021.08.22"]

1. d4 {[%clk 01:15:57]} {[%emt 00:00:02]} Nf6 {[%clk 01:15:46]} {[%emt
00:00:14]} 2. c4 {[%clk 01:16:21]} {[%emt 00:00:07]} e6 {[%clk 01:15:19]}
{[%emt 00:00:56]} 3. Nc3 {[%clk 01:16:43]} {[%emt 00:00:08]} Bb4 {[%clk
01:14:25]} {[%emt 00:01:25]} 4. Qc2 {[%clk 01:16:08]} {[%emt 00:01:05]} c5
{[%clk 01:13:37]} {[%emt 00:01:18]} 5. Nf3 {[%clk 01:13:54]} {[%emt 00:02:43]}
O-O {[%clk 01:07:59]} {[%emt 00:06:08]} 6. Bg5 {[%clk 01:13:06]} {[%emt
00:01:18]} d6 {[%clk 01:01:36]} {[%emt 00:06:54]} 7. e3 {[%clk 01:11:55]}
{[%emt 00:01:40]} h6 {[%clk 00:58:55]} {[%emt 00:03:12]} 8. Bf4 {[%clk
01:10:03]} {[%emt 00:02:21]} Nh5 {[%clk 00:55:55]} {[%emt 00:03:31]} 9. Bg3
{[%clk 01:10:03]} {[%emt 00:00:28]} Nc6 {[%clk 00:51:17]} {[%emt 00:05:10]} 10.
Rd1 {[%clk 01:09:59]} {[%emt 00:00:34]} cxd4 {[%clk 00:50:36]} {[%emt
00:01:12]} 11. Nxd4 {[%clk 01:10:04]} {[%emt 00:00:24]} Nxg3 {[%clk 00:50:03]}
{[%emt 00:01:03]} 12. hxg3 {[%clk 01:10:08]} {[%emt 00:00:26]} Qf6 {[%clk
00:44:33]} {[%emt 00:06:00]} 13. Be2 {[%clk 01:09:06]} {[%emt 00:01:30]} Nxd4
{[%clk 00:45:35]} {[%emt 00:02:10]} 14. Rxd4 {[%clk 01:09:18]} {[%emt
00:00:18]} b6 {[%clk 00:41:59]} {[%emt 00:04:06]} 15. Bf3 {[%clk 01:08:54]}
{[%emt 00:00:54]} Rb8 {[%clk 00:41:29]} {[%emt 00:01:01]} 16. O-O {[%clk
01:09:08]} {[%emt 00:00:15]} Bxc3 {[%clk 00:41:50]} {[%emt 00:00:09]} 17. Qxc3
{[%clk 01:09:22]} {[%emt 00:00:16]} Rd8 {[%clk 00:38:40]} {[%emt 00:03:41]} 18.
Qd2 {[%clk 01:08:15]} {[%emt 00:01:36]} e5 {[%clk 00:35:52]} {[%emt 00:03:19]}
19. Rd3 {[%clk 01:04:42]} {[%emt 00:04:02]} Bb7 {[%clk 00:33:00]} {[%emt
00:03:22]} 20. Bxb7 {[%clk 01:04:39]} {[%emt 00:00:33]} Rxb7 {[%clk 00:32:49]}
{[%emt 00:00:42]} 21. Rd1 {[%clk 01:03:57]} {[%emt 00:01:09]} Rc7 {[%clk
00:29:22]} {[%emt 00:04:00]} 22. b3 {[%clk 01:03:38]} {[%emt 00:00:48]} Rcd7
{[%clk 00:28:24]} {[%emt 00:01:28]} 23. Rd5 {[%clk 01:01:37]} {[%emt 00:02:30]}
Qg6 {[%clk 00:26:13]} {[%emt 00:02:42]} 24. Qd3 {[%clk 01:00:18]} {[%emt
00:01:49]} Qf6 {[%clk 00:25:14]} {[%emt 00:01:29]} 25. Qd2 {[%clk 00:59:01]}
{[%emt 00:01:46]} Qg6 {[%clk 00:23:38]} {[%emt 00:02:08]} 26. Qd3 {[%clk
00:55:30]} {[%emt 00:04:00]} Qf6 {[%clk 00:22:56]} {[%emt 00:01:13]} 27. b4
{[%clk 00:55:37]} {[%emt 00:00:22]} a5 {[%clk 00:21:50]} {[%emt 00:01:37]} 28.
bxa5 {[%clk 00:55:29]} {[%emt 00:00:38]} bxa5 {[%clk 00:21:01]} {[%emt
00:01:19]} 29. Rxa5 {[%clk 00:55:20]} {[%emt 00:00:38]} Rb7 {[%clk 00:20:11]}
{[%emt 00:01:19]} 30. Rb5 {[%clk 00:53:55]} {[%emt 00:01:55]} Ra7 {[%emt
00:02:14]} 31. Qc2 {[%clk 00:52:59]} {[%emt 00:01:20]} Rda8 {[%clk 00:17:17]}
{[%emt 00:01:47]} 32. Rb2 {[%clk 00:52:52]} {[%emt 00:00:37]} Qe6 {[%clk
00:16:16]} {[%emt 00:01:31]} 33. Qb1 {[%clk 00:51:38]} {[%emt 00:01:44]} Rc8
{[%clk 00:15:20]} {[%emt 00:01:26]} 34. Rb8 {[%clk 00:51:27]} {[%emt 00:00:40]}
Rac7 {[%clk 00:12:57]} {[%emt 00:02:54]} 35. Rxc8+ {[%clk 00:49:24]} {[%emt
00:02:33]} Rxc8 {[%emt 00:02:28]} 1/2-1/2

[Event "DEM U10 2021"]
[Site "Willingen GER"]
[Date "2021.08.28"]
[Round "10"]
[White "Schröder, Hannes Artur"]
[Black "Akcapinar, Timur"]
[Result "0-1"]
[Termination "normal"]
[Board "27"]
[WhiteElo "961"]
[BlackElo "1216"]
[WhiteClock "01:04:40"]
[BlackClock "01:07:47"]
[PlyCount "58"]
[WhiteFideId "34608818"]
[BlackFideId "16287509"]
[EventCountry "GER"]
[EventRounds "11"]
[EventType "swiss"]
[EventDate "2021.08.22"]

1. e4 {[%clk 01:15:54]} {[%emt 00:00:05]} e5 {[%clk 01:15:53]} {[%emt
00:00:08]} 2. Nf3 {[%clk 01:16:15]} {[%emt 00:00:10]} Nc6 {[%clk 01:16:12]}
{[%emt 00:00:11]} 3. Nc3 {[%clk 01:16:29]} {[%emt 00:00:15]} Nf6 {[%clk
01:16:31]} {[%emt 00:00:12]} 4. Bc4 {[%clk 01:16:37]} {[%emt 00:00:21]} Bc5
{[%clk 01:16:51]} {[%emt 00:00:11]} 5. d3 {[%clk 01:16:52]} {[%emt 00:00:14]}
h6 {[%clk 01:17:06]} {[%emt 00:00:15]} 6. h3 {[%clk 01:17:07]} {[%emt
00:00:15]} d6 {[%clk 01:17:08]} {[%emt 00:00:29]} 7. O-O {[%clk 01:17:05]}
{[%emt 00:00:32]} O-O {[%clk 01:17:27]} {[%emt 00:00:10]} 8. Bd2 {[%clk
01:17:25]} {[%emt 00:00:09]} Be6 {[%clk 01:17:53]} {[%emt 00:00:05]} 9. Nd5
{[%clk 01:17:12]} {[%emt 00:00:44]} Ne7 {[%clk 01:17:26]} {[%emt 00:00:56]} 10.
Ne3 {[%clk 01:16:20]} {[%emt 00:01:23]} c6 {[%clk 01:17:13]} {[%emt 00:00:43]}
11. Bc3 {[%clk 01:10:46]} {[%emt 00:06:03]} a5 {[%clk 01:15:20]} {[%emt
00:02:24]} 12. a3 {[%clk 01:10:30]} {[%emt 00:00:45]} b5 {[%clk 01:14:40]}
{[%emt 00:01:10]} 13. Bxe6 {[%clk 01:10:09]} {[%emt 00:00:52]} fxe6 {[%clk
01:13:44]} {[%emt 00:01:26]} 14. d4 {[%clk 01:10:11]} {[%emt 00:00:28]} exd4
{[%clk 01:13:49]} {[%emt 00:00:25]} 15. Nxd4 {[%clk 01:10:01]} {[%emt
00:00:38]} e5 {[%clk 01:13:38]} {[%emt 00:00:41]} 16. Ne6 {[%clk 01:10:21]}
{[%emt 00:00:11]} Qd7 {[%clk 01:13:46]} {[%emt 00:00:23]} 17. Nxf8 {[%clk
01:10:15]} {[%emt 00:00:36]} Rxf8 {[%clk 01:14:10]} {[%emt 00:00:06]} 18. Qd3
{[%clk 01:10:00]} {[%emt 00:00:44]} Ng6 {[%clk 01:11:01]} {[%emt 00:03:39]} 19.
b4 {[%clk 01:10:02]} {[%emt 00:00:28]} Ba7 {[%clk 01:10:11]} {[%emt 00:01:20]}
20. Rad1 {[%clk 01:09:13]} {[%emt 00:01:20]} Rd8 {[%clk 01:09:53]} {[%emt
00:00:48]} 21. bxa5 {[%clk 01:08:51]} {[%emt 00:00:53]} Nf4 {[%clk 01:09:49]}
{[%emt 00:00:33]} 22. Qd2 {[%clk 01:08:06]} {[%emt 00:01:15]} Nxe4 {[%clk
01:09:43]} {[%emt 00:00:34]} 23. Qe1 {[%clk 01:07:13]} {[%emt 00:01:25]} Nxc3
{[%clk 01:10:02]} {[%emt 00:00:11]} 24. Qxc3 {[%clk 01:07:19]} {[%emt
00:00:24]} Ne2+ {[%clk 01:10:19]} {[%emt 00:00:13]} 25. Kh1 {[%clk 01:07:29]}
{[%emt 00:00:19]} Nxc3 {[%clk 01:10:39]} {[%emt 00:00:10]} 26. Rd3 {[%clk
01:05:45]} {[%emt 00:02:14]} Bxe3 {[%clk 01:08:42]} {[%emt 00:02:28]} 27. fxe3
{[%clk 01:05:55]} {[%emt 00:00:19]} Ne4 {[%clk 01:08:39]} {[%emt 00:00:33]} 28.
Rf3 {[%clk 01:04:58]} {[%emt 00:01:27]} Rf8 {[%clk 01:08:18]} {[%emt 00:00:51]}
29. Rxf8+ {[%clk 01:04:40]} {[%emt 00:00:48]} Kxf8 {[%clk 01:07:47]} {[%emt
00:01:01]} 0-1

[Event "DEM U10 2021"]
[Site "Willingen GER"]
[Date "2021.08.28"]
[Round "10"]
[White "Lange, Friedrich"]
[Black "Grebita, Magnus"]
[Result "0-1"]
[Termination "normal"]
[Board "29"]
[WhiteElo "861"]
[BlackElo "977"]
[WhiteClock "01:12:59"]
[BlackClock "01:08:41"]
[PlyCount "26"]
[WhiteFideId "34608915"]
[BlackFideId "34608958"]
[EventCountry "GER"]
[EventRounds "11"]
[EventType "swiss"]
[EventDate "2021.08.22"]

1. c4 {[%clk 01:15:58]} {[%emt 00:00:01]} e5 {[%clk 01:15:44]} {[%emt
00:00:16]} 2. Nc3 {[%clk 01:16:18]} {[%emt 00:00:11]} Nf6 {[%clk 01:15:39]}
{[%emt 00:00:33]} 3. g3 {[%clk 01:16:41]} {[%emt 00:00:08]} d5 {[%clk
01:15:33]} {[%emt 00:00:36]} 4. Bg2 {[%clk 01:16:56]} {[%emt 00:00:15]} d4
{[%clk 01:15:01]} {[%emt 00:01:03]} 5. Nd5 {[%clk 01:16:40]} {[%emt 00:00:45]}
Nbd7 {[%clk 01:14:29]} {[%emt 00:01:02]} 6. d3 {[%clk 01:16:49]} {[%emt
00:00:22]} Nxd5 {[%clk 01:14:27]} {[%emt 00:00:32]} 7. Bxd5 {[%clk 01:17:05]}
{[%emt 00:00:13]} Bb4+ {[%clk 01:12:49]} {[%emt 00:02:07]} 8. Bd2 {[%clk
01:13:07]} {[%emt 00:04:28]} Bxd2+ {[%clk 01:09:57]} {[%emt 00:03:23]} 9. Qxd2
{[%clk 01:13:30]} {[%emt 00:00:07]} Nf6 {[%clk 01:08:24]} {[%emt 00:02:01]} 10.
e4 {[%clk 01:13:23]} {[%emt 00:00:39]} c6 {[%clk 01:08:24]} {[%emt 00:00:30]}
11. Qg5 {[%clk 01:12:45]} {[%emt 00:01:08]} O-O {[%clk 01:08:07]} {[%emt
00:00:47]} 12. Qxe5 {[%clk 01:12:46]} {[%emt 00:00:30]} cxd5 {[%clk 01:08:18]}
{[%emt 00:00:19]} 13. exd5 {[%clk 01:12:59]} {[%emt 00:00:16]} Re8 {[%clk
01:08:41]} {[%emt 00:00:07]} 0-1